Online Catalogue and eLibrary

Challenge for change : (Record no. 250)

MARC details
000 -LEADER
fixed length control field 00498cam a2200169 a 4500
001 - CONTROL NUMBER
control field 1121158
005 - DATE AND TIME OF LATEST TRANSACTION
control field 20240130062254.0
008 - FIXED-LENGTH DATA ELEMENTS--GENERAL INFORMATION
fixed length control field 940223s1990 ce b 000 0 eng
040 ## - CATALOGING SOURCE (பட்டியலாக்க மூலம்)
Original cataloging agency DLC
Transcribing agency DLC
Modifying agency DLC
082 ## - DDC Classification
DDC Edition Number 22
Class No. 305.8
245 00 - TITLE STATEMENT
Title Challenge for change :
Remainder of title profile of a community.
Statement of responsibility, etc. Muslim women's research and action front
260 ## - PUBLICATION, DISTRIBUTION, ETC.
Place of publication, distribution, etc. Colombo, Sri Lanka :
Name of publisher, distributor, etc. Muslim Women's Research and Action Front,
Date of publication, distribution, etc. 1990.
300 ## - PHYSICAL DESCRIPTION
Extent (e.g. Volumes, Pages etc.) 213 p. ;
650 #0 - SUBJECT ADDED ENTRY--TOPICAL TERM
Topical term or geographic name entry element Muslims
650 #0 - SUBJECT ADDED ENTRY--TOPICAL TERM
Topical term or geographic name entry element Muslim women
942 ## - Koha item type (Biblio)
Koha item type Books in Stacks (Lending)
Holdings
Lost status Damaged status Collection code Home library Current library Date acquired Full call number Accession Number Item type
    Lending WERC Library WERC Library 01/30/2024 305.8 716 Books in Stacks (Lending)

© WERC Library